Vyhodnotenie presnosti vybraných rozmerov bezšvíkových oceľových rúr pomocou 3D digitalizácie

Enregistré dans:
Détails bibliographiques
Auteur principal: Havran, Filip (Auteur)
Autres auteurs: Morovič, Ladislav (Directeur de thèse)
Format: Manuscrit Livre
Langue:slovaque
Publié: 2021
Sujets:
Accès en ligne:http://is.stuba.sk/zp/portal_zp.pl?podrobnosti=158022
Tags: Ajouter un tag
Pas de tags, Soyez le premier à ajouter un tag!

MARC

LEADER 00000ntm a22000003a 4500
001 stuzp83917
003 SK-STU
005 20210612212323.1
007 ta
008 150427s2015----xo-----f-mn---000-0-slo-d
040 |a STU  |b slo 
041 0 |a slo 
100 1 |a Havran, Filip  |u 063000  |k Z4  |4 aut  |U MTF Materiálovotechnologická fakulta  |T MTF Ústav výrobných technológií  |X 85530  |U M3000  |Y 83  |7 85530 
242 0 1 |a Evaluation of the accuracy of selected dimensions of seamless steel tubes using 3D digitization  |y eng 
245 1 0 |a Vyhodnotenie presnosti vybraných rozmerov bezšvíkových oceľových rúr pomocou 3D digitalizácie 
260 |c 2021 
650 4 |a oceľové bezšvíkové rúry  |2 slo 
650 4 |a ťahanie za studena  |2 slo 
650 4 |a 3D digitalizácia  |2 slo 
650 4 |a optické 3D skenovanie  |2 slo 
650 4 |a seamless steel tubes  |2 eng 
650 4 |a cold drawing  |2 eng 
650 4 |a 3D digitization  |2 eng 
650 4 |a optical 3D scanning  |2 eng 
700 1 |a Morovič, Ladislav  |u 063200  |k Z1  |4 ths  |U MTF Ústav výrobných technológií  |T MTF Katedra obrábania a počítačovej podpory technológií  |X 38280  |U M3200  |Y 164  |7 A000038280 
856 4 |u http://is.stuba.sk/zp/portal_zp.pl?podrobnosti=158022 
996 |c M* DP-14542  |l MMSKP  |s P  |a 0  |w stuzp83917_0001